Mirando y mirando /
Sin resumen
Guardado en:
| Autor principal: | |
|---|---|
| Formato: | Texto |
| Materias: | |
| Etiquetas: |
Agregar Etiqueta
Sin Etiquetas, Sea el primero en etiquetar este registro!
|
MARC
| LEADER | 00000 a a2200000 04500 | ||
|---|---|---|---|
| 001 | 13443 | ||
| 003 | |||
| 040 | |||
| 100 | |a Gutiérrez Mangel, Joaquín | ||
| 245 | |a Mirando y mirando / |c Joaquín Gutiérrez Mangel | ||
| 520 | |a Sin resumen | ||
| 650 | |a VALORES CULTURALES | ||
| 773 | |g número 4; páginas 7-10 | ||
| 999 | |c 38968 |d 38968 | ||
